[Event "AUTO-OPEN-4570"]
[Site "http://www.queenalice.com/game.php?id=1862138"]
[Date "2025.8.25"]
[Round "3"]
[White "cerenzo72"]
[Black "andrevillares"]
[Result "1/2-1/2"]
[WhiteElo "2140"]
[BlackElo "2134"]

1. e4 c6 2. Nc3 d5 3. Nf3 dxe4 4. Nxe4 Bf5 5. Ng3 Bg6 6. Nh4 Nf6 7. Nxg6 hxg6 8.
d4 e6 9. c4 Nbd7 10. Qb3 b6 11. Be2 Be7 12. Bf3 Qc7 13. O-O Ng4 14. Bxg4 f5 15.
Bf3 O-O-O 16. d5 exd5 17. cxd5 Nc5 18. Qc4 Rh4 19. Qe2 cxd5 20. b3 Rdh8 21. h3
Ne4 22. Bb2 Bc5 23. Nh1 Rxh3 24. gxh3 Rxh3 25. Rfc1 Qh2+ 26. Kf1 Rxf3 27. Qxf3
Nd2+ 28. Ke2 Nxf3 29. Kxf3 Kb7 30. Rf1 Qh5+ 31. Kg2 Qg4+ 32. Ng3 f4 33. Be5 fxg3
34. Bxg3 Bd6 35. Rad1 g5 36. Rfe1 Bxg3 37. fxg3 d4 38. Rd3 Kc6 39. Rd2 a5 40.
Rde2 Kd6 41. Re4 Qf5 42. Rxd4+ Kc5 43. Red1 b5 44. R1d2 g6 45. a3 g4 46. b4+
axb4 47. axb4+ Kc6 48. Rd6+ Kc7 49. R6d5 Qf3+ 50. Kh2 Qf1 51. Rd7+ Kc8 52. R7d6
Qh3+ 53. Kg1 Qxg3+ 54. Kh1 Qf3+ 55. Kg1 Qg3+ 56. Kh1 1/2-1/2

[Event "AUTO-OPEN-4570"]
[Site "http://www.queenalice.com/game.php?id=1862139"]
[Date "2025.8.25"]
[Round "3"]
[White "andrevillares"]
[Black "cerenzo72"]
[Result "1-0"]
[WhiteElo "2133"]
[BlackElo "2116"]

1. d4 Nf6 2. c4 d6 3. Nc3 e5 4. Nf3 Nbd7 5. Bg5 Be7 6. e3 O-O 7. Bd3 h6 8. Bh4
exd4 9. exd4 Nh5 10. Bxe7 Qxe7+ 11. Qe2 Qxe2+ 12. Bxe2 Re8 13. O-O Nf4 14. Rfe1
Nb6 15. Bf1 Bg4 16. Nd2 c6 17. Nde4 Rad8 18. c5 dxc5 19. dxc5 Nc8 20. h3 Be6 21.
Rad1 Rxd1 22. Rxd1 Nd5 23. g3 f5 24. Nxd5 Bxd5 25. Nc3 Be6 26. f4 Ne7 27. Re1
Kf7 28. Be2 g5 29. fxg5 hxg5 30. Bh5+ Ng6 31. b4 Kf6 32. Kf2 Rh8 33. Bxg6 Rxh3
34. Kg2 Rh8 35. g4 Rd8 36. gxf5 Bxf5 37. Bxf5 Kxf5 38. Ne4 Rd2+ 39. Nxd2 1-0

[Event "AUTO-OPEN-4570"]
[Site "http://www.queenalice.com/game.php?id=1862142"]
[Date "2025.8.25"]
[Round "3"]
[White "andrevillares"]
[Black "Pin"]
[Result "1-0"]
[WhiteElo "2125"]
[BlackElo "1999"]

1. d4 Nf6 2. c4 g6 3. Nc3 d5 4. Nf3 Bg7 5. cxd5 Nxd5 6. e4 Nxc3 7. bxc3 c5 8.
Be3 O-O 9. Be2 Nc6 10. O-O cxd4 11. cxd4 b6 12. Rc1 Bb7 13. d5 Ne5 14. Bd4 Nxf3+
15. Bxf3 Bh6 16. Rc2 Qd7 17. Bb2 Rac8 18. Qd4 f6 19. Rxc8 Rxc8 20. h3 Ba6 21.
Rd1 Bg7 22. Bg4 e5 23. Bxd7 exd4 24. Bxc8 Bxc8 25. Bxd4 Kf7 26. Rc1 1-0

[Event "AUTO-OPEN-4570"]
[Site "http://www.queenalice.com/game.php?id=1862143"]
[Date "2025.8.25"]
[Round "3"]
[White "Pin"]
[Black "andrevillares"]
[Result "1-0"]
[WhiteElo "1982"]
[BlackElo "2142"]

1. d4 Nf6 2. c4 e6 3. Nf3 Bb4+ 4. Bd2 Qe7 5. Nc3 d5 6. e3 O-O 7. Bd3 b6 8. O-O
Bb7 9. a3 Bxc3 10. Bxc3 Nbd7 11. Ne5 dxc4 12. Bxc4 Ne4 13. Be1 Rfd8 14. Qh5 Ndf6
15. Qh3 c5 16. f3 Nd6 17. Ba2 cxd4 18. exd4 Nf5 19. Bb4 Qc7 20. Rac1 Qb8 21.
Rfe1 Rxd4 22. g4 Nd6 23. g5 Nfe8 24. Nxf7 Nxf7 25. Qxe6 Qf4 26. Qxe8+ 1-0

[Event "AUTO-MASTER-3284"]
[Site "http://www.queenalice.com/game.php?id=1864067"]
[Date "2025.10.10"]
[Round "1"]
[White "cerenzo72"]
[Black "andrevillares"]
[Result "1/2-1/2"]
[WhiteElo "2140"]
[BlackElo "2134"]

1. c4 Nf6 2. Nf3 e6 3. g3 d5 4. Bg2 c5 5. O-O Be7 6. cxd5 exd5 7. d3 Nc6 8. Nc3
O-O 9. Bf4 Be6 10. Ng5 Bf5 11. e4 dxe4 12. dxe4 Bg6 13. Bd2 h6 14. Nh3 Qd7 15.
Nf4 Bh7 16. Qe2 Rad8 17. Rad1 Nd4 18. Qe1 Qg4 19. Qe3 b5 20. h3 Qd7 21. e5 Ne8
22. Ncd5 Nc2 23. Qe2 Nd4 24. Qe1 Nc2 25. Qe2 Nd4 1/2-1/2

[Event "AUTO-MASTER-3284"]
[Site "http://www.queenalice.com/game.php?id=1864068"]
[Date "2025.10.10"]
[Round "1"]
[White "andrevillares"]
[Black "cerenzo72"]
[Result "1-0"]
[WhiteElo "2120"]
[BlackElo "2192"]

1. d4 Nf6 2. c4 d6 3. Nc3 e5 4. e4 exd4 5. Qxd4 Nc6 6. Qd1 Be7 7. Nf3 Bg4 8. Be2
O-O 9. O-O a6 10. h3 Bd7 11. Bg5 b6 12. Re1 h6 13. Bh4 Ne5 14. Nxe5 dxe5 15. Qd2
c5 16. Rad1 Ra7 17. Bg3 Qc7 18. Bf3 Be6 19. Nd5 Bxd5 20. exd5 Bd6 21. Qe3 Re8
22. Qc3 e4 23. Bxd6 Qxd6 24. Be2 Rae7 25. a3 e3 26. fxe3 Rxe3 27. Qd2 Qg3 28. d6
R3e4 29. d7 Rd8 30. Bg4 Rd4 31. Qe2 Nxd7 32. Rxd4 cxd4 33. Qe7 Qc7 34. Re4 b5
35. c5 d3 36. Rd4 Rc8 37. Qxd7 Qxc5 38. Qxc8+ 1-0

[Event "AUTO-MASTER-3284"]
[Site "http://www.queenalice.com/game.php?id=1864079"]
[Date "2025.10.10"]
[Round "1"]
[White "Capixabba789"]
[Black "andrevillares"]
[Result "0-1"]
[WhiteElo "1876"]
[BlackElo "2115"]

1. d4 Nf6 2. Nc3 d5 3. f4 Nc6 4. Nf3 g6 5. e3 Bg7 6. Bd3 O-O 7. O-O Bg4 8. Qe1
e6 9. Ne5 Bf5 10. Ne2 Bxd3 11. cxd3 a5 12. Ng3 Nb4 13. Qf2 Nd7 14. a3 Nxe5 15.
fxe5 Nxd3 16. Qf3 Nxc1 17. Raxc1 c6 18. Ne2 Qd7 19. Ng3 Rac8 20. Kh1 f6 21. exf6
Bxf6 22. Qg4 Qe7 23. Nh5 Bh8 24. Nf4 e5 25. Ne6 Rf6 26. Rxf6 Bxf6 27. Nf4 Rf8
28. Ne6 Re8 29. Nc5 exd4 30. Nd3 Qxe3 31. Qd1 b6 32. h3 c5 33. b3 Bh4 34. Qf3
Qxf3 35. gxf3 Re3 36. Rd1 Rxf3 37. Kg2 Rg3+ 38. Kh2 Re3 39. Kg2 c4 40. bxc4 dxc4
41. Nf4 d3 42. Nd5 Re2+ 43. Kf3 Re1 44. Rxe1 Bxe1 45. Nxb6 c3 46. Ke3 c2 0-1

[Event "AUTO-MASTER-3284"]
[Site "http://www.queenalice.com/game.php?id=1864080"]
[Date "2025.10.10"]
[Round "1"]
[White "andrevillares"]
[Black "Capixabba789"]
[Result "1-0"]
[WhiteElo "2133"]
[BlackElo "1960"]

1. d4 d5 2. c4 e6 3. Nc3 Nf6 4. Bg5 Be7 5. e3 c6 6. Nf3 h6 7. Bf4 Bd6 8. Bxd6
Qxd6 9. Rc1 O-O 10. c5 Qd8 11. b4 b5 12. Bd3 Nbd7 13. O-O Bb7 14. Re1 Re8 15. e4
Nxe4 16. Nxe4 dxe4 17. Bxe4 a6 18. Bb1 Nf6 19. Qd3 Qd5 20. Nd2 a5 21. a3 a4 22.
f3 Rad8 23. Ne4 Qxd4+ 24. Qxd4 Rxd4 25. Nd6 Re7 26. Nf5 Nd5 27. Nxd4 1-0

[Event "AUTO-MASTER-3284"]
[Site "http://www.queenalice.com/game.php?id=1864085"]
[Date "2025.10.10"]
[Round "1"]
[White "Scharlatan"]
[Black "andrevillares"]
[Result "0-1"]
[WhiteElo "1857"]
[BlackElo "2173"]

1. d4 Nf6 2. c4 e6 3. Nf3 Bb4+ 4. Nbd2 b6 5. a3 Bxd2+ 6. Qxd2 Bb7 7. e3 O-O 8.
Bd3 d6 9. O-O Nc6 10. b4 e5 11. d5 Ne7 12. Ng5 h6 13. Ne4 Nxe4 14. Bxe4 f5 15.
Bc2 Qe8 16. f4 e4 0-1

[Event "AUTO-MASTER-3284"]
[Site "http://www.queenalice.com/game.php?id=1864086"]
[Date "2025.10.10"]
[Round "1"]
[White "andrevillares"]
[Black "Scharlatan"]
[Result "1-0"]
[WhiteElo "2148"]
[BlackElo "1990"]

1. d4 d5 2. c4 e6 3. Nc3 c5 4. cxd5 cxd4 5. Qxd4 Nc6 6. Qd1 exd5 7. Nf3 Be6 8.
Bf4 Nf6 9. e3 Be7 10. Bd3 O-O 11. O-O Nh5 12. Bg3 Nxg3 13. hxg3 Rc8 14. Rc1 Bf6
15. Bb1 Qb6 16. Nxd5 1-0